000 00290nam a22001337a 4500
008 181102b xxu||||| |||| 00| 0 eng d
020 _a68984
041 _aeng
080 _a591
100 _a7
101 _aZOO
245 _aRepresentative Chordates
_cWeichert, Ch. K
942 _2udc
_cBK
999 _c51597
_d51597